Financial Statement analysis of ITC limited with reference to takshashila consulting,Noida / (Record no. 230862)

MARC details
000 -LEADER
fixed length control field 00552nam a22001577a 4500
003 - CONTROL NUMBER IDENTIFIER
control field OSt
005 - DATE AND TIME OF LATEST TRANSACTION
control field 20240529120928.0
008 - FIXED-LENGTH DATA ELEMENTS--GENERAL INFORMATION
fixed length control field 240522b ||||| |||| 00| 0 eng d
040 ## - CATALOGING SOURCE
Transcribing agency AIMIT LIBRARY
100 ## - MAIN ENTRY--PERSONAL NAME
Personal name Lobo, Belicia Rebecca.
Relator term 2016033
9 (RLIN) 166737
245 ## - TITLE STATEMENT
Title Financial Statement analysis of ITC limited with reference to takshashila consulting,Noida /
Statement of responsibility, etc. By Belicia Rebecca Lobo ; Guided by Rajni Suresh.
260 ## - PUBLICATION, DISTRIBUTION, ETC.
Name of publisher, distributor, etc. Mangalore ,
Date of publication, distribution, etc. 2022.
650 ## - SUBJECT ADDED ENTRY--TOPICAL TERM
Topical term or geographic name entry element Financial Statement
9 (RLIN) 168389
700 ## - ADDED ENTRY--PERSONAL NAME
Personal name Suresh, Rajani.
Relator term Guide
9 (RLIN) 166738
942 ## - ADDED ENTRY ELEMENTS (KOHA)
Source of classification or shelving scheme Dewey Decimal Classification
Koha item type Project Report
Holdings
Withdrawn status Lost status Source of classification or shelving scheme Damaged status Not for loan Collection code Home library Current library Shelving location Date acquired Total Checkouts Barcode Date last seen Copy number Price effective from Koha item type
    Dewey Decimal Classification   Not for loan Project Report MBA St Aloysius Institute of Management & Information Technology St Aloysius Institute of Management & Information Technology Dissertations 05/22/2024   PRB01890 05/22/2024 2016033 05/22/2024 Project Report